000
00295nam a22001337a 4500
008
170629b xxu||||| |||| 00| 0 eng d
020
_a
2900312594588
041
_a
eng
080
_2
4TH
_a
05
100
_a
22
101
_a
GJL
245
_a
THE EVERYDAY WRITER
_c
LUNSFORD,A,A
942
_2
udc
_c
BK
999
_c
19660
_d
19660